000 00873nam a22002415i 4500
001 177570
003 ES-MaACL
005 20250828062538.0
008 110404s1990 sp |||| | spa d
020 _a84-7719-201-4
080 _a929 Jovellanos, Gaspar Melchor de
080 _a572:37
100 1 _aFlecha Andrés, F.
_9145947
245 1 0 _aAntropología y educación en el pensamiento y la obra de Jovellanos /
_cFrancisco Flecha Andrés.
260 _aLeón :
_bUniversidad de León, Secretariado de Publicaciones,
_cD. L. 1990.
300 _a212 p. ;
_c21 cm.
504 _aBibliografía: p. 201-212.
600 1 7 _aJovellanos, Gaspar Melchor de,
_d1744-1811-
_xCrítica e interpretación
_2
_9144494
650 7 _aAntropología física
_2embne
_99893
650 7 _aEducación
_2embne
_912073
852 _aES-MaACL
_jE-14780
999 _c177570
_d177570